BIBLE - Généalogie de Jésus - Statistiques

Statistiques générales
  • Ce quiz a été pris 160 fois
  • Le résultat moyen est 6 sur 39
Statistiques - réponses
Première lettre Généalogie % Correct
J Joseph
88%
I Isaac
82%
J Jacob
66%
J Jacob
66%
D David
65%
S Salomon
58%
J Juda
50%
I Isaï
24%
B Boaz
15%
R Roboam
11%
J Josias
8%
M Manassé
8%
O Obed
8%
E Ézéchias
5%
A Asa
4%
J Joram
4%
J Josaphat
4%
Z Zorobabel
4%
A Abia
3%
A Achaz
3%
A Aminadab
3%
A Amon
3%
E Éléazar
3%
M Matthan
3%
O Ozias
3%
P Pharès
3%
A Abiud
2%
A Achim
2%
A Aram
2%
A Azor
2%
E Éliakim
2%
E Éliud
2%
E Esrom
2%
J Jéchonias
2%
J Joatham
2%
N Naasson
2%
S Sadok
2%
S Salathiel
2%
S Salmon
2%
Aucun quiz correspondant
Distribution des résultats
% des personnes avec chaque résultat
Percentile par nombre de réponses
Votre historique - résultats
Vous n’avez pas pris ce quiz